| 000 | 00641nam a2200193 i 4500 | ||
|---|---|---|---|
| 003 | IT-RoINE | ||
| 005 | 20201229082821.0 | ||
| 008 | 040908s1961 it r 000 |bita d | ||
| 040 |
_aUPCO _cIT-RoINE _dIT-RoINE |
||
| 100 | 0 |
_aGianmaria da Spirano, _cO.F.M. _925109 |
|
| 245 | 1 | 0 |
_aBeato Innocenzo da Berzo : _bsacerdote cappuccino / _cGianmaria da Spirano. |
| 260 |
_aMilano : _bCuria provincializia, _c[1961] |
||
| 300 |
_aXXIII, 296 p. ; _c24 cm. |
||
| 336 |
_2rdacontent _atext |
||
| 337 |
_2rdamedia _aunmediated |
||
| 338 |
_2rdacarrier _avolume |
||
| 600 | 0 | 4 |
_925110 _aInocencio de Berzo, _cBeato, _d1844-1890 _xBiografĂa |
| 942 | _cMTS | ||
| 999 |
_c12308 _d12308 |
||